Titres musique Orelsan - Statistiques

Statistiques générales
  • Ce quiz a été pris 2 803 fois
  • Le résultat moyen est 36 sur 71
Statistiques - réponses
Hint Réponse % Correct
Basique
78%
Civilisation
78%
La quete
77%
Le chant des sirenes
77%
Défaite de famille
75%
Perdu d’avance
75%
La fête est finie
74%
La terre est ronde
72%
La fête est finie San
72%
L’odeur de l’essence
71%
Athena
70%
Notes pour trop tard
68%
La pluie
66%
Jour meilleur
65%
Paradis
64%
Tout va bien
64%
Civilisation Shonen
62%
Suicide social
62%
Bebeboa
61%
Epilogue
60%
Du propre
59%
Jimmy Punchline
59%
Le chant des sirènes Raelsan
59%
Rêves bizarres
59%
Manifeste
58%
Christophe
56%
Ensemble
55%
Changement
54%
Dernier verre
52%
Seul avec du monde autour
52%
Casseurs flowters infinity
51%
Ils sont cools
51%
Si seul
51%
Bonne meuf
50%
Courez courez
50%
Baise le monde
48%
La lumière
48%
Peur de l’echec
48%
Pour le pire
48%
Zone
48%
Dans ma ville on traîne
47%
Rêve mieux
47%
2010
44%
50 pourcents
44%
1990
43%
Different
43%
Mes grands parents
42%
La famille la famille
41%
Epilogue Fantomes
40%
Finir mal
40%
Quand est ce que ça s’arrête ?
40%
Soirée ratée
40%
Dis moi
39%
Double vie
39%
Perdu d’avance Étoiles invisibles
38%
La petite marchande de porte clefs
38%
Adieu les filles
36%
Gros poissons dans une petite mare
36%
Discipline
35%
Elle viendra quand même
35%
La morale
35%
Logo dans le ciel
35%
Entre bien et mal
33%
Mauvaise idee
33%
No life
33%
Excuses ou mensonges
30%
Des trous dans la tete
28%
Tout ce que je sais
28%
Plus rien ne m’etonnes
27%
Tout va bien remix
26%
Sous influence
20%
Aucun quiz correspondant
Distribution des résultats
% des personnes avec chaque résultat
Percentile par nombre de réponses
Votre historique - résultats
Vous n’avez pas pris ce quiz